| Tag |
First Indicator |
Second Indicator |
Subfields |
| LEADER |
00000cem a2200000Ia 4500 |
| 001 |
in00000005655 |
| 005 |
20150929180026.0 |
| 007 |
aj canzn |
| 008 |
990923s1999 dcub a f 0 eng d |
| 020 |
|
|
|c $64.00 per 100
|
| 034 |
1 |
|
|a a
|b 8200000
|
| 035 |
|
|
|a (OCoLC)ocm42384126
|
| 037 |
|
|
|a 024-005-01198-6
|b GPO
|
| 040 |
|
|
|a GPO
|c GPO
|d UtOrBLW
|
| 049 |
|
|
|a TXAM
|
| 052 |
|
|
|a 3701
|
| 074 |
|
|
|a 0648-A
|
| 086 |
0 |
|
|a I 29.9/2:P 21/2/999
|
| 090 |
|
|
|a G3701.G52
|b 1999 .U5
|
| 110 |
1 |
|
|a United States.
|b National Park Service.
|
| 245 |
1 |
0 |
|a National park system map and guide :
|b [United States] /
|c National Park Service, U.S. Department of the Interior.
|
| 246 |
3 |
|
|a National park guide
|
| 250 |
|
|
|a [1999 rev. ed.].
|
| 255 |
|
|
|a Scale [ca. 1:8,200,000].
|
| 264 |
|
1 |
|a Washington, DC :
|b The Service :
|c [1999]
|
| 264 |
|
2 |
|a Washington, DC :
|b For sale by the Supt. of Docs., U.S. G.P.O.,
|
| 300 |
|
|
|a 1 map :
|b color ;
|c 42 x 58 cm., folded to 10 x 21 cm.
|
| 336 |
|
|
|a cartographic image
|b cri
|2 rdacontent
|
| 337 |
|
|
|a unmediated
|b n
|2 rdamedia
|
| 338 |
|
|
|a sheet
|b nb
|2 rdacarrier
|
| 500 |
|
|
|a Relief shown by shading.
|
| 500 |
|
|
|a Shipping list number: 99-0354-P.
|
| 500 |
|
|
|a "*GPO: 1999--454-767/00091."
|
| 500 |
|
|
|a "July 1, 1999."
|
| 500 |
|
|
|a Insets: Alaska -- Hawaii -- American Samoa -- Guam -- Puerto Rico and the Virgin Islands.
|
| 500 |
|
|
|a "National park guide" with descriptive list of parks on verso.
|
| 500 |
|
|
|a Shipping List #: 99-0354-P
|
| 500 |
|
|
|a Shipping List Date: 09/07/99
|
| 500 |
|
|
|a Cartographic material.
|
| 650 |
|
0 |
|a National parks and reserves
|z United States
|v Maps.
|
| 610 |
1 |
0 |
|a United States.
|b National Park Service
|v Maps.
|
| 994 |
|
|
|a E0
|b TXA
|
| 999 |
|
|
|a MARS
|
| 999 |
f |
f |
|s 6a5399d6-715d-3efb-9b24-e6ee9ae2c4cf
|i 9517b972-fe99-3ae9-9f81-c4cba15fae19
|t 0
|
| 952 |
f |
f |
|p normal
|a Texas A&M University
|b College Station
|c Sterling C. Evans Library
|d Evans: Maps (2nd floor)
|t 0
|e G3701.G52 1999 .U5
|h Library of Congress classification
|i unmediated -- sheet
|m A14824327285
|
| 998 |
f |
f |
|a G3701.G52 1999 .U5
|t 0
|l Evans: Maps (2nd floor)
|